[Event "II Festival Gabicce Mare A"]
[Site "Gabicce Mare ITA"]
[Date "2014.01.03"]
[Round "3"]
[White "Kosic, Dragan"]
[Black "Rindlisbacher, Jan"]
[WhiteElo "2504"]
[BlackElo "2250"]
[Result "1-0"]
[PlyCount "65"]
[EventDate "2014.01.02"]

1. d4 Nf6 2. Nf3 e6 3. Bf4 c5 4. e3 Qb6 5. Nc3 d5 6. Nb5 Na6 7. a4 cxd4 8. exd4
Be7 9. c3 O-O 10. Bd3 Qd8 11. h3 Bd7 12. O-O Ne8 13. Ne5 Nb8 14. Qc2 h6 15.
Rfe1 Nc6 16. Qd2 Nxe5 17. dxe5 Bxb5 18. axb5 Bc5 19. Ra4 f5 20. exf6 Qxf6 21.
Be3 b6 22. Rg4 Nc7 23. Re2 Bxe3 24. Rxe3 e5 25. Reg3 Rf7 26. Rf3 Qe6 27. Rg6
Qe7 28. Rfg3 e4 29. Bc2 Kh7 30. f3 Raf8 31. fxe4 dxe4 32. Qe3 Nxb5 33. Bxe4 1-0

[Event "II Festival Gabicce Mare A"]
[Site "Gabicce Mare ITA"]
[Date "2014.01.04"]
[Round "4"]
[White "Aghayev, Miragha"]
[Black "Drazic, Sinisa"]
[WhiteElo "2352"]
[BlackElo "2421"]
[Result "0-1"]
[PlyCount "70"]
[EventDate "2014.01.02"]

1. e4 e6 2. d4 d5 3. Nd2 dxe4 4. Nxe4 Bd7 5. Nf3 Bc6 6. Bd3 Nd7 7. O-O Ngf6 8.
Ng3 Be7 9. b3 O-O 10. Bb2 Bxf3 11. Qxf3 c6 12. c4 a5 13. a3 Re8 14. Bc3 Bf8 15.
Ne4 Nxe4 16. Qxe4 g6 17. b4 axb4 18. axb4 Bg7 19. Rxa8 Qxa8 20. Bc2 Rd8 21. Ra1
Qb8 22. Rd1 Qc7 23. Bb3 b5 24. Qe2 bxc4 25. Bxc4 Nb6 26. Ba1 Qd6 27. Bd3 Nd5
28. b5 Nf4 29. Qe3 cxb5 30. Bxb5 Nxg2 31. Kxg2 Qd5+ 32. Qf3 Qg5+ 33. Kh3 Qxb5
34. d5 Rxd5 35. Bxg7 Rxd1 0-1

[Event "II Festival Gabicce Mare A"]
[Site "Gabicce Mare ITA"]
[Date "2014.01.04"]
[Round "4"]
[White "Collutiis, Duilio"]
[Black "Collins, Sam E."]
[WhiteElo "2484"]
[BlackElo "2471"]
[Result "1/2-1/2"]
[PlyCount "23"]
[EventDate "2014.01.02"]

1. g3 e5 2. c4 Nf6 3. Bg2 d5 4. cxd5 Nxd5 5. Nc3 Nb6 6. Nf3 Nc6 7. O-O Be7 8.
Rb1 f6 9. d3 Be6 10. a3 O-O 11. b4 a5 12. b5 1/2-1/2

[Event "II Festival Gabicce Mare A"]
[Site "Gabicce Mare ITA"]
[Date "2014.01.04"]
[Round "4"]
[White "Kostic, Vladimir G."]
[Black "Kosic, Dragan"]
[WhiteElo "2411"]
[BlackElo "2504"]
[Result "0-1"]
[PlyCount "74"]
[EventDate "2014.01.02"]

1. Nf3 Nf6 2. c4 e6 3. Nc3 Bb4 4. g3 O-O 5. Bg2 d6 6. O-O e5 7. d3 h6 8. Bd2 c5
9. Ne1 Nc6 10. Nc2 Bxc3 11. bxc3 Bd7 12. h3 Nh7 13. Rb1 Rb8 14. e4 f5 15. exf5
Bxf5 16. Qe2 Qd7 17. Kh2 Rbe8 18. Ne3 Be6 19. Rbe1 Ne7 20. Nd5 Nxd5 21. cxd5
Bf5 22. c4 Nf6 23. Bc3 a6 24. Qd2 b5 25. Re3 Nh7 26. Rfe1 Ng5 27. h4 Nh7 28. f4
exf4 29. gxf4 Nf6 30. Bxf6 Rxe3 31. Rxe3 Rxf6 32. Rg3 Qd8 33. Qe1 Rf8 34. Re3
Qf6 35. Qg3 b4 36. Bf3 a5 37. Bh5 a4 0-1

[Event "II Festival Gabicce Mare A"]
[Site "Gabicce Mare ITA"]
[Date "2014.01.04"]
[Round "4"]
[White "Petkov, Vladimir"]
[Black "Kalegin, Evgenij"]
[WhiteElo "2572"]
[BlackElo "2429"]
[Result "1/2-1/2"]
[PlyCount "61"]
[EventDate "2014.01.02"]

1. d4 Nf6 2. c4 g6 3. Nc3 Bg7 4. e4 d6 5. h3 O-O 6. Bg5 Qe8 7. Nf3 e5 8. dxe5
dxe5 9. Nd5 Nxd5 10. cxd5 c6 11. Bc4 cxd5 12. Bxd5 Nc6 13. O-O Nb4 14. Bb3 Be6
15. Qd6 Nc6 16. Rfd1 Bxb3 17. axb3 f6 18. Qd5+ Qf7 19. Be3 Rfd8 20. Qb5 a6 21.
Qb6 Bf8 22. Rac1 Rxd1+ 23. Rxd1 Rc8 24. Nh2 h5 25. Nf3 Qe7 26. Kh2 Rd8 27. Rxd8
Nxd8 28. Qa5 Qd6 29. Qc3 Qc6 30. Qd3 Ne6 31. Nd2 1/2-1/2

[Event "II Festival Gabicce Mare A"]
[Site "Gabicce Mare ITA"]
[Date "2014.01.04"]
[Round "5"]
[White "Collins, Sam E."]
[Black "Minko, Vladimir"]
[WhiteElo "2471"]
[BlackElo "2306"]
[Result "1-0"]
[PlyCount "129"]
[EventDate "2014.01.02"]

1. e4 c5 2. Nf3 e6 3. c3 Nf6 4. e5 Nd5 5. d4 cxd4 6. cxd4 b6 7. Bd3 Bb7 8. O-O
Nc6 9. Nc3 Ncb4 10. Bg5 Be7 11. Ne4 O-O 12. Nd6 Bc6 13. Bxe7 Qxe7 14. Bb5 f6
15. a3 Bxb5 16. Nxb5 Nc6 17. Re1 fxe5 18. dxe5 Qc5 19. Nbd4 Nxd4 20. Qxd4 Rac8
21. Qxc5 Rxc5 22. Rac1 Rfc8 23. Rxc5 Rxc5 24. g3 Rc2 25. Rb1 a6 26. Kf1 b5 27.
Nd4 Rc4 28. Rd1 Kf7 29. Ke2 b4 30. axb4 Rxb4 31. Rd2 Nb6 32. b3 a5 33. Rd3 a4
34. bxa4 Rxa4 35. Nf3 Ke7 36. Rd4 Rxd4 37. Nxd4 d6 38. exd6+ Kxd6 39. h4 Ke5
40. Nf3+ Kf6 41. Kd3 Nd5 42. Ke4 Nc3+ 43. Ke3 Nd1+ 44. Ke2 Nc3+ 45. Kd3 Nd1 46.
Ke2 Nc3+ 47. Kd2 Nd5 48. Kd3 Nb4+ 49. Ke4 Nd5 50. g4 Nc3+ 51. Kf4 Nd5+ 52. Ke4
Nc3+ 53. Kf4 Nd5+ 54. Kg3 h6 55. h5 Nc3 56. Nh4 Nd5 57. Ng6 Nc3 58. f4 Ne4+ 59.
Kf3 Nd2+ 60. Ke3 Nc4+ 61. Kd4 Nd6 62. Ne5 Nf7 63. Nxf7 Kxf7 64. Ke5 Ke7 65. g5
1-0

[Event "II Festival Gabicce Mare A"]
[Site "Gabicce Mare ITA"]
[Date "2014.01.04"]
[Round "5"]
[White "Drazic, Sinisa"]
[Black "Altini, Nicola"]
[WhiteElo "2421"]
[BlackElo "2363"]
[Result "1/2-1/2"]
[PlyCount "73"]
[EventDate "2014.01.02"]

1. d4 d5 2. Bg5 Nf6 3. Bxf6 exf6 4. e3 Bd6 5. Nd2 O-O 6. Bd3 c6 7. Qf3 Be6 8.
Ne2 Na6 9. c3 c5 10. Nf4 cxd4 11. exd4 Nc7 12. a4 f5 13. h4 Qf6 14. Nf1 Qh6 15.
g3 Bxf4 16. Qxf4 Qxf4 17. gxf4 a5 18. Ne3 g6 19. Kd2 Bd7 20. h5 Kg7 21. b3 Bc6
22. Rag1 Kf6 23. hxg6 hxg6 24. Rh6 Ke7 25. Re1 Kd7 26. c4 Rh8 27. Reh1 Rxh6 28.
Rxh6 Ke7 29. Kc3 dxc4 30. bxc4 Bxa4 31. d5 Rd8 32. Bxf5 gxf5 33. Nxf5+ Kd7 34.
Rd6+ Ke8 35. Ng7+ Ke7 36. Nf5+ Ke8 37. Ng7+ 1/2-1/2

[Event "II Festival Gabicce Mare A"]
[Site "Gabicce Mare ITA"]
[Date "2014.01.04"]
[Round "5"]
[White "Kalegin, Evgenij"]
[Black "Collutiis, Duilio"]
[WhiteElo "2429"]
[BlackElo "2484"]
[Result "1/2-1/2"]
[PlyCount "64"]
[EventDate "2014.01.02"]

1. e4 c5 2. Nf3 e6 3. Nc3 Nc6 4. g3 a6 5. Bg2 d6 6. O-O g5 7. h3 Bg7 8. d3 h6
9. Nh2 Nge7 10. Be3 Ng6 11. Rb1 Bd7 12. Ne2 e5 13. c3 Qc8 14. g4 Nf4 15. Ng3 h5
16. Bxf4 gxf4 17. Nxh5 Rh7 18. Nxg7+ Rxg7 19. Re1 Be6 20. a3 a5 21. a4 Qd7 22.
Kf1 Ke7 23. Nf3 Rh8 24. Nd2 f6 25. Nc4 Bxc4 26. dxc4 Qe6 27. Qd5 f3 28. Qxe6+
Kxe6 29. Bxf3 Rxh3 30. Ke2 Ne7 31. Rh1 Rhh7 32. Ke3 Ng6 1/2-1/2

[Event "II Festival Gabicce Mare A"]
[Site "Gabicce Mare ITA"]
[Date "2014.01.04"]
[Round "5"]
[White "Kosic, Dragan"]
[Black "Petkov, Vladimir"]
[WhiteElo "2504"]
[BlackElo "2572"]
[Result "1/2-1/2"]
[PlyCount "29"]
[EventDate "2014.01.02"]

1. d4 Nf6 2. Nf3 e6 3. c4 d5 4. Nc3 dxc4 5. e3 a6 6. a4 c5 7. Bxc4 Nc6 8. O-O
Be7 9. Qe2 cxd4 10. Rd1 O-O 11. exd4 Nb4 12. Ne5 Bd7 13. Bg5 Bc6 14. Rac1 Nfd5
15. Bxe7 1/2-1/2

[Event "II Festival Gabicce Mare A"]
[Site "Gabicce Mare ITA"]
[Date "2014.01.05"]
[Round "6"]
[White "Collutiis, Duilio"]
[Black "Altini, Nicola"]
[WhiteElo "2484"]
[BlackElo "2363"]
[Result "0-1"]
[PlyCount "174"]
[EventDate "2014.01.02"]

1. e4 e5 2. Nf3 Nc6 3. Bb5 Nf6 4. d3 Bc5 5. c3 O-O 6. O-O d6 7. Nbd2 a6 8. Ba4
Ba7 9. Re1 Ne7 10. d4 Ng6 11. h3 c5 12. Bc2 cxd4 13. cxd4 exd4 14. Nb3 Re8 15.
Nbxd4 d5 16. exd5 Rxe1+ 17. Qxe1 Nxd5 18. Bb3 h6 19. Qe4 Nge7 20. Bd2 Nf6 21.
Qe2 Ned5 22. Rd1 Qd6 23. Qd3 Bd7 24. Nh4 Bxd4 25. Qxd4 Be6 26. Nf3 Rd8 27. Bf4
Qe7 28. Be5 Ne8 29. Qa7 Rd7 30. Re1 Nb4 31. Bc3 Nc6 32. Qb6 Qd8 33. Qxd8 Nxd8
34. Nd4 Nc7 35. Nxe6 Ncxe6 36. Kf1 Rd6 37. g3 Nc6 38. Rd1 Rxd1+ 39. Bxd1 f6 40.
Bb3 Kf7 41. Bd5 Ke7 42. Ke2 Kd6 43. Bg2 b5 44. h4 b4 45. Bd2 a5 46. h5 Ne5 47.
b3 Nd4+ 48. Ke3 Kc5 49. f3 Nf5+ 50. Kf4 Ne7 51. Ke4 Nd5 52. f4 Nc6 53. Kf5 Nd4+
54. Kg6 Nc3 55. Kxg7 Nxa2 56. Kxh6 Nxb3 57. Be3+ Nd4 58. Kg7 Kc4 59. Be4 Nc3
60. h6 Nxe4 61. h7 Nf5+ 62. Kg6 Nxe3 63. h8=Q b3 64. Qc8+ Nc5 65. Qg8+ Nd5 66.
Qe8 b2 67. Qe2+ Kb3 68. Qd1+ Ka3 69. Qxd5 b1=Q+ 70. Kxf6 Qb2+ 71. Kg6 Qc3 72.
g4 Nd3 73. Qd6+ Kb3 74. f5 Ne5+ 75. Kh7 Qh3+ 76. Kg7 Qxg4+ 77. Kf6 Nc4 78. Qd3+
Kb4 79. Qb1+ Kc5 80. Ke6 Qe2+ 81. Kf7 Nd6+ 82. Kf6 Qc4 83. Kg5 Qd5 84. Qg1+ Kc6
85. Qc1+ Kd7 86. Qc2 Qxf5+ 87. Qxf5+ Nxf5 0-1

[Event "II Festival Gabicce Mare A"]
[Site "Gabicce Mare ITA"]
[Date "2014.01.05"]
[Round "7"]
[White "Altini, Nicola"]
[Black "Petkov, Vladimir"]
[WhiteElo "2363"]
[BlackElo "2572"]
[Result "1/2-1/2"]
[PlyCount "96"]
[EventDate "2014.01.02"]

1. d4 Nf6 2. c4 Nc6 3. Nf3 e6 4. a3 d6 5. Nc3 g6 6. e4 Bg7 7. Be2 O-O 8. O-O
Re8 9. d5 exd5 10. cxd5 Ne7 11. Be3 c6 12. dxc6 Nxc6 13. Nd2 Be6 14. Bc4 Bxc4
15. Nxc4 Nxe4 16. Nxe4 Rxe4 17. Nxd6 Re6 18. Nxb7 Qe7 19. Nc5 Rxe3 20. fxe3 Rd8
21. Qc2 Qxe3+ 22. Kh1 Rd2 23. Qe4 Qxc5 24. Qe8+ Qf8 25. Qxc6 Rxb2 26. Qd5 Re2
27. Rad1 h5 28. a4 Re5 29. Qb7 Re7 30. Rd7 Rxd7 31. Qxd7 a5 32. Qc7 Qb4 33.
Qxf7+ Kh7 34. Qf4 Qc3 35. Qe4 Qd2 36. Rb1 Qc3 37. g3 Qd2 38. Rb5 Qd1+ 39. Kg2
Qd2+ 40. Kh3 Qd7+ 41. Kg2 Qd2+ 42. Kh3 Qd7+ 43. g4 hxg4+ 44. Qxg4 Qd3+ 45. Kg2
Qd2+ 46. Kg3 Qe1+ 47. Kg2 Qd2+ 48. Kg3 Qe1+ 1/2-1/2

[Event "Befana SSM A"]
[Site "Milano ITA"]
[Date "2014.01.02"]
[Round "1"]
[White "Astengo, Corrado"]
[Black "Falchi, Claudio"]
[WhiteElo "2111"]
[BlackElo "1926"]
[Result "1-0"]
[PlyCount "59"]
[EventDate "2014.01.02"]

1. e4 e6 2. d4 d5 3. Nd2 c5 4. exd5 Qxd5 5. Ngf3 cxd4 6. Bc4 Qd6 7. O-O Nf6 8.
Nb3 Nc6 9. Nbxd4 Nxd4 10. Nxd4 a6 11. Re1 Qc7 12. Bb3 Bd6 13. h3 O-O 14. c3 b6
15. Bg5 Be7 16. Qe2 Re8 17. Rad1 Bb7 18. Rd3 Rad8 19. Bc2 Bd5 20. Rg3 Bc4 21.
Qf3 Bd6 22. Bxf6 Bxg3 23. Qg4 Bh2+ 24. Kh1 g6 25. Bxd8 Rxd8 26. g3 h5 27. Qh4
e5 28. Nf3 Qc5 29. Qxd8+ Kg7 30. Qd2 1-0

[Event "Befana SSM A"]
[Site "Milano ITA"]
[Date "2014.01.02"]
[Round "1"]
[White "Bisignano, Giuseppe"]
[Black "Borin, Fabio"]
[WhiteElo "1887"]
[BlackElo "2105"]
[Result "0-1"]
[PlyCount "72"]
[EventDate "2014.01.02"]

1. e4 d5 2. exd5 Qxd5 3. Nc3 Qa5 4. d4 c6 5. h3 Bf5 6. Nf3 Nf6 7. Bd3 Nbd7 8.
O-O e6 9. a3 Bd6 10. Bxf5 Qxf5 11. Re1 O-O 12. Qe2 Nd5 13. Ne4 Nf4 14. Bxf4
Bxf4 15. Nh4 Qa5 16. Qg4 Bc7 17. Qe2 Rad8 18. Rad1 Bb8 19. Nf3 e5 20. dxe5 Nxe5
21. c3 Ng6 22. Qc2 h6 23. Nd4 Qe5 24. Ng3 Qg5 25. Re3 Bf4 26. Ne4 Qd5 27. Ree1
Bc7 28. c4 Qe5 29. Nf3 Qf4 30. Re3 Ne5 31. Rde1 Nxf3+ 32. Rxf3 Qh2+ 33. Kf1
Qh1+ 34. Ke2 Qxg2 35. c5 Rfe8 36. Qc4 Rd5 0-1

[Event "Befana SSM A"]
[Site "Milano ITA"]
[Date "2014.01.02"]
[Round "1"]
[White "Bonazzi, Edoardo"]
[Black "Podetti, Davide"]
[WhiteElo "2079"]
[BlackElo "1830"]
[Result "1/2-1/2"]
[PlyCount "98"]
[EventDate "2014.01.02"]

1. Nf3 Nf6 2. c4 c5 3. Nc3 d5 4. cxd5 Nxd5 5. e4 Nb4 6. Bc4 e6 7. d3 Bd6 8. O-O
a6 9. d4 cxd4 10. Nxd4 Qc7 11. Bb5+ Bd7 12. Bxd7+ Qxd7 13. Be3 O-O 14. Qe2 N4c6
15. Nb3 Qe7 16. Rfd1 Rd8 17. Bb6 Re8 18. Qd2 Bb4 19. Rac1 Ne5 20. a3 Nbc6 21.
Qe2 Bd6 22. Na4 Nd7 23. Be3 Bc7 24. Nac5 Nxc5 25. Nxc5 Rad8 26. Rxd8 Rxd8 27.
Nxa6 Bd6 28. Nc5 Ne5 29. f4 Nc6 30. g3 h6 31. Qb5 Bxc5 32. Bxc5 Qd7 33. Qe2 Nd4
34. Bxd4 Qxd4+ 35. Kg2 Rd6 36. Rc2 f5 37. Qc4 Qxc4 38. Rxc4 Rd2+ 39. Kf3 Rxb2
40. Rb4 Rxb4 41. axb4 Kf7 42. Ke3 Ke7 43. Kd4 Kd6 44. exf5 exf5 45. Kc4 Kc6 46.
b5+ Kd6 47. Kd4 b6 48. h3 h5 49. h4 g6 1/2-1/2

[Event "Befana SSM A"]
[Site "Milano ITA"]
[Date "2014.01.02"]
[Round "1"]
[White "Darvishi, Mahmood"]
[Black "Pelizzola, Danilo"]
[WhiteElo "2056"]
[BlackElo "2127"]
[Result "0-1"]
[PlyCount "97"]
[EventDate "2014.01.02"]

1. e4 e5 2. Nf3 Nc6 3. Bb5 a6 4. Ba4 Nf6 5. O-O Be7 6. d3 d6 7. c3 O-O 8. Re1
Bg4 9. Nbd2 Re8 10. Nf1 Bf8 11. Ne3 Bd7 12. b4 g6 13. Bb3 Bg7 14. Ng5 Rf8 15.
a3 Qe7 16. Qf3 Rae8 17. Bb2 Nd8 18. Rad1 h6 19. Nh3 Kh7 20. g4 Ne6 21. Kh1 Ng8
22. Qg3 Qd8 23. Rf1 Qc8 24. d4 exd4 25. cxd4 Bb5 26. Rfe1 Bd7 27. f4 c5 28.
Bxe6 fxe6 29. Nc4 Qc7 30. e5 Bc6+ 31. Kg1 dxe5 32. dxe5 cxb4 33. axb4 Rd8 34.
Bd4 Rd5 35. Bb6 Qd7 36. Nd6 Ne7 37. Nf2 Rxd1 38. Rxd1 Nd5 39. Be3 Nxb4 40. Nf5
Nd5 41. Nxg7 Qxg7 42. Ne4 Qc7 43. Bc5 Nxf4 44. Qe3 Rf7 45. Nf6+ Rxf6 46. exf6
Bd5 47. Rc1 Kg8 48. Ba3 Bc6 49. Bb2 {phone default} 0-1

[Event "Befana SSM A"]
[Site "Milano ITA"]
[Date "2014.01.02"]
[Round "1"]
[White "Gagliardi, Christian"]
[Black "Bemporad, Filippo"]
[WhiteElo "2198"]
[BlackElo "2060"]
[Result "1-0"]
[PlyCount "91"]
[EventDate "2014.01.02"]

1. d4 Nf6 2. Bf4 b6 3. e3 Bb7 4. Nf3 g6 5. Be2 Bg7 6. h3 O-O 7. O-O d6 8. Nbd2
Nbd7 9. c3 Ne4 10. Nxe4 Bxe4 11. Nd2 Bb7 12. Bh2 c5 13. Re1 Rc8 14. a4 a6 15.
Qb3 Nb8 16. Bf1 Qc7 17. Rad1 Nd7 18. d5 Rb8 19. e4 b5 20. axb5 axb5 21. Ra1 b4
22. cxb4 cxb4 23. Nc4 Nc5 24. Qe3 Nd7 25. Rec1 Qd8 26. Ra7 Ba8 27. b3 Bc3 28.
Nxd6 exd6 29. Bxd6 Rb7 30. Rxb7 Bxb7 31. Bxf8 Qxf8 32. Bb5 Nc5 33. Bc4 Qe7 34.
f3 Bc8 35. Rd1 Qd6 36. f4 f6 37. Rf1 Kg7 38. Rf2 Bd7 39. Re2 g5 40. fxg5 Qe5
41. gxf6+ Kxf6 42. Rf2+ Kg6 43. Qxc5 Bd4 44. Qf8 Qxe4 45. Kh2 Qe3 46. Qf7+ 1-0

[Event "Befana SSM A"]
[Site "Milano ITA"]
[Date "2014.01.02"]
[Round "1"]
[White "Lavorgna, Giovanni"]
[Black "Cazzaniga, Walter"]
[WhiteElo "1984"]
[BlackElo "2116"]
[Result "0-1"]
[PlyCount "52"]
[EventDate "2014.01.02"]

1. e4 e6 2. d3 c5 3. g3 Nc6 4. Bg2 g6 5. Nf3 Bg7 6. O-O Nge7 7. Nbd2 O-O 8. Re1
d6 9. c3 Rb8 10. a4 a6 11. Nf1 b5 12. axb5 axb5 13. Bf4 Qc7 14. Qd2 e5 15. Bh6
Na5 16. Bxg7 Kxg7 17. Qg5 h6 18. Qh4 Nb3 19. Ra3 c4 20. dxc4 bxc4 21. Ne3 Be6
22. Ng4 Bxg4 23. Qxg4 Nc5 24. Nd2 Nd3 25. Rea1 Rxb2 26. Rd1 Qc5 0-1

[Event "Befana SSM A"]
[Site "Milano ITA"]
[Date "2014.01.02"]
[Round "1"]
[White "Motola, Jacopo"]
[Black "Vezzosi, Paolo"]
[WhiteElo "2063"]
[BlackElo "2252"]
[Result "1/2-1/2"]
[PlyCount "113"]
[EventDate "2014.01.02"]

1. e4 e5 2. Nf3 Nc6 3. Bc4 Bc5 4. d3 Nf6 5. Nc3 d6 6. h3 Be6 7. Bb3 Nd4 8. Nxd4
Bxd4 9. Ne2 Bb6 10. Ng3 h6 11. Qe2 a5 12. Bxe6 fxe6 13. Be3 c6 14. O-O O-O 15.
Kh2 Bc7 16. f4 exf4 17. Bxf4 g5 18. Bd2 Qe8 19. Bc3 Qg6 20. Bxf6 Rxf6 21. e5
Rxf1 22. Rxf1 Rf8 23. Ne4 d5 24. Rxf8+ Kxf8 25. Nd6 Bxd6 26. exd6 Qf7 27. Qe5
Ke8 28. Qh8+ Kd7 29. Qxh6 Qf4+ 30. Kg1 Kxd6 31. Qg7 Qe3+ 32. Kh1 Qc1+ 33. Kh2
Qf4+ 34. Kg1 Qc1+ 35. Kh2 Qxc2 36. Qxg5 Qxd3 37. Qd8+ Ke5 38. Qxa5 Ke4 39. h4
d4 40. h5 Qe3 41. Qc7 d3 42. Qh7+ Kd5 43. h6 Qe5+ 44. Kh3 Qe3+ 45. Kh2 Qf4+ 46.
Kh3 d2 47. Qd3+ Kc5 48. h7 Qh6+ 49. Kg3 Qxh7 50. Qxh7 d1=Q 51. Qe7+ Kb6 52.
Qxe6 Qd3+ 53. Kf2 Qc2+ 54. Qe2 Qf5+ 55. Qf3 Qc2+ 56. Qe2 Qf5+ 57. Qf3 1/2-1/2

[Event "Befana SSM A"]
[Site "Milano ITA"]
[Date "2014.01.02"]
[Round "1"]
[White "Raineri, Valerio"]
[Black "D'Alfonso, Nicola"]
[WhiteElo "2120"]
[BlackElo "2034"]
[Result "1-0"]
[PlyCount "65"]
[EventDate "2014.01.02"]

1. e4 c5 2. Nf3 d6 3. d4 cxd4 4. Nxd4 Nf6 5. Nc3 e6 6. Be3 a6 7. f3 b5 8. Qd2
Qc7 9. Bd3 Nbd7 10. O-O b4 11. Nce2 d5 12. Rae1 Bd6 13. Ng3 h5 14. exd5 Nxd5
15. f4 Nxe3 16. Qxe3 Bc5 17. Ne4 Bb6 18. c3 bxc3 19. bxc3 Nf6 20. Nxf6+ gxf6
21. Be4 Bb7 22. Kh1 Rg8 23. Qf3 O-O-O 24. Rb1 f5 25. Bxb7+ Qxb7 26. Nc6 Rd7 27.
Ne5 Rc7 28. Rb3 Qxf3 29. Nxf3 Be3 30. g3 Rd8 31. Rfb1 f6 32. Rb8+ Kd7 33. Rd1+
1-0

[Event "Befana SSM A"]
[Site "Milano ITA"]
[Date "2014.01.03"]
[Round "2"]
[White "Bemporad, Filippo"]
[Black "Motola, Jacopo"]
[WhiteElo "2060"]
[BlackElo "2063"]
[Result "1-0"]
[PlyCount "57"]
[EventDate "2014.01.02"]

1. d4 Nf6 2. Nf3 e6 3. g3 b6 4. Bg2 Bb7 5. O-O c5 6. c4 cxd4 7. b3 d6 8. Qxd4
Be7 9. Nc3 a6 10. Rd1 Nbd7 11. Bb2 O-O 12. Rac1 Qc7 13. Qe3 Rfe8 14. Na4 Rac8
15. Bh3 Bc6 16. Nc3 Bf8 17. Nd4 Ba8 18. Nf3 Qb8 19. Bg2 d5 20. cxd5 Bc5 21. Qd3
Nxd5 22. Nxd5 Bxd5 23. Ng5 Nf8 24. Bxd5 exd5 25. Qxd5 Qa7 26. Ne4 Rcd8 27. Qg5
Ne6 28. Nf6+ Kh8 29. Qh4 1-0

[Event "Befana SSM A"]
[Site "Milano ITA"]
[Date "2014.01.03"]
[Round "2"]
[White "Borin, Fabio"]
[Black "Raineri, Valerio"]
[WhiteElo "2105"]
[BlackElo "2120"]
[Result "1-0"]
[PlyCount "69"]
[EventDate "2014.01.02"]

1. d4 Nf6 2. c4 g6 3. Nc3 Bg7 4. e4 d6 5. Nge2 O-O 6. Ng3 e5 7. d5 Ne8 8. h4 f5
9. Bg5 Nf6 10. exf5 gxf5 11. Nh5 Qe8 12. Nxg7 Kxg7 13. Qd2 Ng8 14. g3 Na6 15.
O-O-O Bd7 16. Be2 Nc5 17. f4 e4 18. Qd4+ Nf6 19. g4 Qf7 20. gxf5 Bxf5 21. Rdg1
Kh8 22. Bh6 Rg8 23. Rg5 Rg6 24. Bh5 Nd3+ 25. Kb1 Nxf4 26. Rxf5 N4xh5 27. Rxh5
Re8 28. Rf1 c5 29. dxc6 bxc6 30. Rhf5 Rxh6 31. Rxf6 Rxf6 32. Rxf6 Qg7 33. Nxe4
d5 34. cxd5 cxd5 35. Ng5 1-0

[Event "Befana SSM A"]
[Site "Milano ITA"]
[Date "2014.01.03"]
[Round "2"]
[White "Cazzaniga, Walter"]
[Black "Gagliardi, Christian"]
[WhiteElo "2116"]
[BlackElo "2198"]
[Result "0-1"]
[PlyCount "86"]
[EventDate "2014.01.02"]

1. d4 g6 2. Nf3 Bg7 3. e4 d6 4. h3 c6 5. Bd3 Nd7 6. O-O e5 7. c3 Ngf6 8. Re1
O-O 9. Nbd2 Qc7 10. a4 b6 11. Qb3 Bb7 12. a5 b5 13. a6 Bc8 14. Bf1 Rb8 15. Qa3
Rb6 16. Qa5 Qb8 17. Qb4 c5 18. dxc5 dxc5 19. Qb3 c4 20. Qc2 Rxa6 21. Rxa6 Bxa6
22. b3 cxb3 23. Nxb3 Bc8 24. Ba3 Re8 25. Qd3 a6 26. Bb4 Bf8 27. g4 Qc7 28. Ba5
Qc6 29. g5 Nh5 30. Qd5 Qxd5 31. exd5 Nf4 32. h4 Bb7 33. c4 bxc4 34. Bxc4 Nxd5
35. Rd1 N7b6 36. Bf1 e4 37. Nfd4 e3 38. Bg2 exf2+ 39. Kxf2 Ne3 40. Rc1 Nxg2 41.
Bxb6 Nxh4 42. Rc7 Bc8 43. Ra7 Be7 0-1

[Event "Befana SSM A"]
[Site "Milano ITA"]
[Date "2014.01.03"]
[Round "2"]
[White "D'Alfonso, Nicola"]
[Black "Bisignano, Giuseppe"]
[WhiteElo "2034"]
[BlackElo "1887"]
[Result "0-1"]
[PlyCount "54"]
[EventDate "2014.01.02"]

1. d4 Nf6 2. c4 e6 3. Nc3 Bb4 4. a3 Bxc3+ 5. bxc3 c5 6. f3 O-O 7. e4 d6 8. Bd3
e5 9. Ne2 Nc6 10. Be3 b6 11. O-O Nh5 12. d5 Ne7 13. g4 Nf6 14. h4 h5 15. g5 Nh7
16. Kf2 Ng6 17. Qd2 f6 18. Rh1 fxg5 19. hxg5 Bg4 20. Ng1 Nf4 21. Bxf4 Rxf4 22.
Ke2 Qxg5 23. fxg4 Qxg4+ 24. Ke1 Rxe4+ 25. Ne2 Rf8 26. Bxe4 Qxe4 27. Rxh5 Qf3
0-1

[Event "Befana SSM A"]
[Site "Milano ITA"]
[Date "2014.01.03"]
[Round "2"]
[White "Falchi, Claudio"]
[Black "Lavorgna, Giovanni"]
[WhiteElo "1926"]
[BlackElo "1984"]
[Result "1-0"]
[PlyCount "105"]
[EventDate "2014.01.02"]

1. d4 Nf6 2. Nf3 g6 3. Bf4 Bg7 4. e3 O-O 5. Be2 d6 6. h3 Nbd7 7. O-O c6 8. c4
Qb6 9. Qb3 Qxb3 10. axb3 Re8 11. Nc3 e5 12. Bh2 e4 13. Nd2 Bf8 14. Bd1 b5 15.
Bc2 bxc4 16. bxc4 d5 17. cxd5 Bb7 18. Ndxe4 cxd5 19. Nxf6+ Nxf6 20. Be5 Nd7 21.
Ba4 Red8 22. Bc7 Rac8 23. Bxd7 Rxc7 24. Bg4 a6 25. Bf3 Ra8 26. Rfc1 Rac8 27.
Be2 Bb4 28. Bxa6 Bxa6 29. Rxa6 Kf8 30. Rca1 Bxc3 31. bxc3 Rxc3 32. Rd6 Rb8 33.
Rxd5 Rb2 34. Rc5 Rd3 35. Rf1 Rdd2 36. h4 Ke7 37. h5 Re2 38. g4 Ke6 39. Re5+ Kd6
40. Re8 gxh5 41. gxh5 Rb5 42. Rh8 Rxh5 43. Kg2 Rd2 44. Kf3 Ke6 45. Re8+ Kf6 46.
Ke4 Rh4+ 47. f4 Re2 48. Rf3 h5 49. Re5 Rd2 50. Rg3 Rhh2 51. Rf5+ Ke6 52. Rg7 h4
53. Rgxf7 1-0

[Event "Befana SSM A"]
[Site "Milano ITA"]
[Date "2014.01.03"]
[Round "2"]
[White "Pelizzola, Danilo"]
[Black "Astengo, Corrado"]
[WhiteElo "2127"]
[BlackElo "2111"]
[Result "1/2-1/2"]
[PlyCount "68"]
[EventDate "2014.01.02"]

1. e4 c5 2. Nf3 e6 3. d4 cxd4 4. Nxd4 Nc6 5. Nb5 Nf6 6. N1c3 d6 7. Bf4 e5 8.
Bg5 a6 9. Na3 b5 10. Nd5 Be7 11. Bxf6 Bxf6 12. c3 Bg5 13. Nc2 Be6 14. Nce3 Bxe3
15. Nxe3 O-O 16. Be2 Ne7 17. Bf3 Rb8 18. O-O b4 19. c4 Nc6 20. Bg4 Nd4 21. b3
Qg5 22. Kh1 Qf4 23. Bxe6 fxe6 24. Qd3 Nf3 25. g3 Qh6 26. h4 Nxh4 27. gxh4 Qxh4+
28. Kg1 Rf6 29. Ng2 Rg6 30. Rae1 Qg5 31. Qg3 Qf6 32. Qd3 Qg5 33. Qg3 Qf6 34.
Qd3 Qg5 1/2-1/2

[Event "Befana SSM A"]
[Site "Milano ITA"]
[Date "2014.01.03"]
[Round "2"]
[White "Vezzosi, Paolo"]
[Black "Podetti, Davide"]
[WhiteElo "2252"]
[BlackElo "1830"]
[Result "1-0"]
[PlyCount "47"]
[EventDate "2014.01.02"]

1. d4 Nf6 2. Bg5 Ne4 3. Bf4 c5 4. f3 Qa5+ 5. c3 Nf6 6. d5 Qb6 7. b3 e6 8. e4
exd5 9. exd5 d6 10. c4 Be7 11. Bd3 Qc7 12. Nc3 a6 13. Nge2 O-O 14. Ng3 Bd7 15.
a4 Re8 16. O-O g6 17. Qd2 a5 18. Rae1 Bf8 19. Nce4 Nxe4 20. Nxe4 Be7 21. Qc3
Bf5 22. Bh6 f6 23. Nxf6+ Bxf6 24. Rxe8+ 1-0

[Event "Befana SSM A"]
[Site "Milano ITA"]
[Date "2014.01.04"]
[Round "3"]
[White "Astengo, Corrado"]
[Black "Vezzosi, Paolo"]
[WhiteElo "2111"]
[BlackElo "2252"]
[Result "0-1"]
[PlyCount "124"]
[EventDate "2014.01.02"]

1. e4 c5 2. Nf3 Nc6 3. d4 cxd4 4. Nxd4 Qc7 5. Nc3 e6 6. Be3 Nf6 7. f4 d6 8. Qf3
Bd7 9. Bd3 Be7 10. O-O g6 11. Rae1 O-O 12. Nxc6 Bxc6 13. Bd4 e5 14. Be3 exf4
15. Bxf4 Qb6+ 16. Kh1 Nd7 17. Nd5 Bxd5 18. exd5 Ne5 19. Bxe5 dxe5 20. Rxe5 Bd6
21. Ree1 Qxb2 22. Rb1 Qe5 23. g3 b6 24. Rbe1 Qg5 25. Qf6 Qxf6 26. Rxf6 Rad8 27.
Kg2 Kg7 28. Rff1 Bb4 29. Re4 a5 30. c4 Rd7 31. Rf2 Rc8 32. a4 h5 33. Rfe2 Rdd8
34. Rf2 Bc5 35. Rfe2 Rh8 36. h3 Rcd8 37. Rb2 Rd6 38. Rbe2 Rf6 39. Rf4 Rxf4 40.
gxf4 Kf6 41. Kf3 Rd8 42. Rb2 Re8 43. Re2 Rxe2 44. Kxe2 Ke7 45. Kd2 Kd6 46. Be4
f5 47. Bf3 Ba3 48. Be2 Kc5 49. Ke3 h4 50. Bf1 Bc1+ 51. Kf3 Bb2 52. Ke3 Bd4+ 53.
Kd3 Bf6 54. Be2 Be7 55. Ke3 Bd6 56. Kd3 Kb4 57. Bd1 Bxf4 58. Kd4 Bd6 59. Bc2
Ka3 60. Bd1 g5 61. Kc3 Be5+ 62. Kd3 Kb4 0-1